Postaw na milion 221 - Statystyki

Ogólne statystyki
  • Ten quiz został rozwiązany 14 razy
  • Średni wynik to 6 z 12
Statystyki odpowiedzi
Zagadnienie Odpowiedź % Poprawnych
Od sezonu 1955/56 do dziś najwięcej pucharów Ligi Mistrzów UEFA (dawniej Pucharów Europy) zdobyły kluby: hiszpańskie
79%
W sezonie ogórkowym media często zajmują się zaginionymi skarbami. Czego szuka się w okolicach zamku Książ? złotego pociągu
71%
W jakim czasie gołąb pocztowy przeleci 120 km, jeśli w godzinę pokonuje 90 km? 1h 20 min
64%
Jaki kolor upierzenia ma kaczor Daffy, bohater serii animowanej "Zwariowane melodie"? czarny
64%
Która wersja językowa Wikipedii ma najwięcej haseł? angielska
57%
Co jedzie w czwartym wagonie pociągu z wiersza "Lokomotywa" Juliana Tuwima? banany
50%
Ile wynosi średnia prędkość liniowa ruchu obiegowego Ziemi wokół Słońca? 30 km/s
43%
W 2019 roku przypadła okrągła rocznica legendarnego festiwalu w Woodstock. Która? 50
43%
05.01.2020 roku rozdano Złote Globy. Najwięcej statuetek przypadło twórców filmu: Pewnego razu... w Hollywood
43%
Zlatan Ibrahimović nie grał w klubie: PSV Eindhoven
43%
Diabelski towarzysz i sługa czarodzieja Wolanda, wielki czarny kot z "Mistrza i Małgorzaty" Michaiła Bułhakowa to: Behemot
36%
Jeśli nie liczyć Turcji, które państwo w Europie ma największy odsetek mieszkańców wyznających islam? Kosowo
29%
Nie znaleziono quizów pasujących do podanych kryteriów
Rozkład punktacji
Procent ludzi z każdym wynikiem
Percentyl według liczby udzielonych odpowiedzi
Twoja historia wyników
Nie rozwiązałeś tego quizu